Register účtovných závierok od 1.1.2015
Základné požiadavky na uloženie účtovnej závierky do registra podľa zákona o účtovníctve č. 431/2002 Z. z. v znení neskorších predpisov. Práva a povinnosti prevádzkovateľa registra, ktorým je rozpočtová organizácia DataCentrum.
Salvato in:
| Autore principale: | |
|---|---|
| Natura: | Capitolo di libro |
| Lingua: | slovacco |
| Soggetti: | |
| Tags: |
Nessun Tag, puoi essere il primo ad aggiungerne!!
|
MARC
| LEADER | 00000naa$a2200000$$$4500 | ||
|---|---|---|---|
| 001 | 0207711 | ||
| 005 | 20240502073443.9 | ||
| 041 | 0 | |a slo | |
| 044 | |a SK | ||
| 245 | 1 | 0 | |a Register účtovných závierok od 1.1.2015 |c Miloš Sklenka |
| 520 | |a Základné požiadavky na uloženie účtovnej závierky do registra podľa zákona o účtovníctve č. 431/2002 Z. z. v znení neskorších predpisov. Práva a povinnosti prevádzkovateľa registra, ktorým je rozpočtová organizácia DataCentrum. | ||
| 610 | 2 | 0 | |a závierka účtovná |
| 610 | 2 | 0 | |a účtovníctvo |
| 610 | 2 | 0 | |a registre |
| 610 | 2 | 0 | |a legislatíva |
| 100 | 1 | |a Sklenka, Miloš | |